| 000 | 01244nam0a22002891 4500 | ||
|---|---|---|---|
| 001 | rc\4356878 | ||
| 005 | 20260408020828.0 | ||
| 021 |
_aRU _b[60-31448] |
||
| 035 | _a(NLR Aleph) 008532536 | ||
| 090 |
_a8296788 _c8296788 |
||
| 100 | _a20130416d1960 |||y0rusy50 ca | ||
| 101 | 1 |
_arus _ceng |
|
| 102 | _aRU | ||
| 105 | _aa b ||||| | ||
| 200 | 1 |
_aКаталог _e[Пер. с англ.] _fВыставка подгот. Брит. советом для СССР _g[Вступ. статья М. Шамо.] _gМ-во культуры СССР. Гос. музей изобраз. искусств им. А.С. Пушкина. Гос. Эрмитаж |
|
| 210 |
_aМосква _cИскусство _d1960 |
||
| 215 |
_a81 с., 16 л. ил. _d22 |
||
| 225 | 1 | _aЖивопись Великобритании. 1700-1960 | |
| 606 |
_aАнглийская живопись _z18-20 вв. _xВыставки _z1960 _yМосква _2psbo |
||
| 702 | 1 |
_aШамо _bМ. _4080 |
|
| 710 | 1 | 2 |
_a"Живопись Великобритании 1700-1960", выставка _f1960 _eМосква _3RU\NLR\AUTH\8810180432 _9857233 |
| 801 | 0 |
_aRU _bNLR _gpsbo |
|
| 801 | 1 |
_aRU _bELAR _2rusmarc |
|
| 852 |
_aNLR _bЭ _jКМ821/1960 |
||
| 942 | _cBOOK | ||
| 980 | _aNB | ||